Estatísticas para Os nomes dos 12 meses em 25 segundos

Clique aqui para jogar o quiz

Estatísticas Gerais

  • Esse quiz foi jogado 1 474 vezes
  • A pontuação média é 9 de 12

Estatísticas das Respostas

HintResposta% Correto
MêsJaneiro
100%
Fevereiro
94%
Março
92%
Abril
90%
Maio
87%
Junho
85%
MêsJulho
83%
Agosto
78%
Setembro
73%
Outubro
65%
Novembro
54%
Dezembro
44%

Distribuição das Pontuações

Percentil de Números Respondidos

Porcentagem de Pessoas com Cada Pontuação

Sua Pontuação Histórica

Você não jogou esse quiz